|
|
|
|
| LEADER |
00952nam a2200241 a 4500 |
| 001 |
14518803 |
| 008 |
110515s2007 njua b 001 0 eng |
| 010 |
|
|
|a 2006049698
|
| 020 |
|
|
|a 0471789011 (pbk. : acid-free paper)
|
| 020 |
|
|
|a 9780471789017
|
| 040 |
|
|
|a DLC
|c DLC
|d YDXCP
|d BAKER
|d OCLCQ
|d VP@
|d DLC
|d BD-DhAAL
|
| 082 |
0 |
0 |
|a 153.4/3
|2 22
|
| 100 |
1 |
|
|a Zeitz, Paul,
|d 1958-
|
| 245 |
1 |
4 |
|a The art and craft of problem solving /
|c Paul Zeitz.
|
| 250 |
|
|
|a 2nd ed.
|
| 260 |
|
|
|a Hoboken, NJ :
|b John Wiley,
|c c2007.
|
| 300 |
|
|
|a xviii, 366 p. :
|b ill. ;
|c 24 cm.
|
| 504 |
|
|
|a Includes bibliographical references (p. 356-359) and index.
|
| 541 |
|
|
|e 00022485
|
| 650 |
|
0 |
|a Problem solving.
|
| 852 |
1 |
|
|a Ayesha Abed Library
|c General Shelf.
|
| 999 |
|
|
|c 10831
|d 10831
|
| 952 |
|
|
|0 0
|1 0
|2 ddc
|4 0
|6 153_430000000000000_ZEI
|7 0
|9 16472
|a BRACUL
|b BRACUL
|c GEN
|d 2011-05-11
|e Karim International
|g 4600.00
|l 12
|m 128
|o 153.43 ZEI
|p 3010022485
|r 2025-06-01
|s 2025-05-26
|t 1
|w 2011-05-16
|y BK
|